<?xml version="1.0" encoding="UTF-8"?>
<record
    xmlns:xsi="http://www.w3.org/2001/XMLSchema-instance"
    xsi:schemaLocation="http://www.loc.gov/MARC21/slim http://www.loc.gov/standards/marcxml/schema/MARC21slim.xsd"
    xmlns="http://www.loc.gov/MARC21/slim">

  <leader>00580nam a2200193Ia 4500</leader>
  <controlfield tag="001">61224</controlfield>
  <controlfield tag="003">OSt</controlfield>
  <controlfield tag="005">20160308094837.0</controlfield>
  <controlfield tag="008">141120s9999    xx            000 0 und d</controlfield>
  <datafield tag="020" ind1=" " ind2=" ">
    <subfield code="a">NA</subfield>
  </datafield>
  <datafield tag="040" ind1=" " ind2=" ">
    <subfield code="c">PK-LaUMT</subfield>
  </datafield>
  <datafield tag="082" ind1=" " ind2=" ">
    <subfield code="a"> 305.8924</subfield>
    <subfield code="b">ABD-W</subfield>
  </datafield>
  <datafield tag="100" ind1=" " ind2=" ">
    <subfield code="a">Abdur Rasheed Arshad</subfield>
  </datafield>
  <datafield tag="245" ind1=" " ind2=" ">
    <subfield code="a">(&#x648;&#x62B;&#x627;&#x626;&#x642; &#x6CC;&#x6C1;&#x648;&#x62F;&#x6CC;&#x62A;)Wasaiq yahodiyyat (Urdu)</subfield>
    <subfield code="c">(&#x639;&#x628;&#x62F;&#x627;&#x644;&#x631;&#x634;&#x6CC;&#x62F; &#x627;&#x631;&#x634;&#x62F;)Abdur Rasheed Arshad</subfield>
  </datafield>
  <datafield tag="260" ind1=" " ind2=" ">
    <subfield code="a">(&#x62C;&#x648;&#x6C1;&#x631;&#x622;&#x628;&#x627;&#x62F;&#x60C; &#x67E;&#x627;&#x6A9;&#x633;&#x62A;&#x627;&#x646;)Johrabad,Pakistan:</subfield>
    <subfield code="b">(&#x627;&#x644;&#x646;&#x648;&#x631; &#x679;&#x631;&#x633;&#x679;)Alnoor Trust,</subfield>
    <subfield code="c">N.D.</subfield>
  </datafield>
  <datafield tag="300" ind1=" " ind2=" ">
    <subfield code="a">144 p.</subfield>
  </datafield>
  <datafield tag="546" ind1=" " ind2=" ">
    <subfield code="a">UR</subfield>
  </datafield>
  <datafield tag="942" ind1=" " ind2=" ">
    <subfield code="c">BK</subfield>
    <subfield code="2">ddc</subfield>
  </datafield>
  <datafield tag="999" ind1=" " ind2=" ">
    <subfield code="c">61675</subfield>
    <subfield code="d">61675</subfield>
  </datafield>
  <datafield tag="952" ind1=" " ind2=" ">
    <subfield code="0">0</subfield>
    <subfield code="1">0</subfield>
    <subfield code="2">ddc</subfield>
    <subfield code="4">0</subfield>
    <subfield code="7">0</subfield>
    <subfield code="a">01</subfield>
    <subfield code="b">01</subfield>
    <subfield code="d">2014-11-17</subfield>
    <subfield code="l">0</subfield>
    <subfield code="o"> 305.8924 ABD-W</subfield>
    <subfield code="p">79508</subfield>
    <subfield code="r">2014-11-20 00:00:00</subfield>
    <subfield code="w">2014-11-20</subfield>
    <subfield code="y">BK</subfield>
  </datafield>
  <datafield tag="952" ind1=" " ind2=" ">
    <subfield code="0">0</subfield>
    <subfield code="1">0</subfield>
    <subfield code="2">ddc</subfield>
    <subfield code="4">0</subfield>
    <subfield code="7">0</subfield>
    <subfield code="a">01</subfield>
    <subfield code="b">01</subfield>
    <subfield code="d">2014-11-24</subfield>
    <subfield code="l">1</subfield>
    <subfield code="o">305.8924 ABD-W</subfield>
    <subfield code="p">79516</subfield>
    <subfield code="r">2019-12-09 00:00:00</subfield>
    <subfield code="s">2019-11-25</subfield>
    <subfield code="w">2014-11-24</subfield>
    <subfield code="y">BK</subfield>
  </datafield>
</record>
